000 00417pab a2200157 454500
008 180718b2007 xxu||||| |||| 00| 0 eng d
100 _aKjaer, Ulrik
245 _aThe decreasing number of candidates at Danish local elections: local democracy in crisis?
260 _c2007
300 _ap.195-213.
362 _aApr
650 _aElections
773 _aLocal Government Studies
908 _aN
909 _a75130
999 _c75130
_d75130